| 000 | 01079cab a2200301 4500 | ||
|---|---|---|---|
| 001 | ABS46413 | ||
| 008 | 090401t1992 xxu||||| |||| 00| 0 eng d | ||
| 035 | _a(Sirsi) u58103 | ||
| 041 | _aeng | ||
| 100 | _aLane, M. | ||
| 245 | _aGIS, landscape pattern and ecological change | ||
| 260 | _c1992 | ||
| 350 | _a0 | ||
| 490 |
_aMapping Awareness _v6(4) May 1992, 48-52(5) |
||
| 520 | _aThe Natural Environment Research Council employs geographical information systems on a number of its research projects. Its use in landscape studies by the Institute of Terrestrial Ecology is described here. | ||
| 650 | _aCLIMATE CHANGE | ||
| 650 | _aENVIRONMENTAL CHANGE NETWORK | ||
| 650 | _aENVIRONMENTAL RESEARCH DATABASE | ||
| 650 | _aGIS | ||
| 650 | _aLAND USE MONITORING | ||
| 650 | _aLAND USE RESEARCH GROUP | ||
| 650 | _aLANDSCAPE CHANGE | ||
| 650 | _aTERRESTRIAL INITIATIVE IN GLOBAL ENVIRONMENTAL RESEARCH | ||
| 690 | _aENVIRONMENTAL AND LAND CONSULTANCY | ||
| 690 | _aMANAGEMENT-BUSINESS MANAGEMENT-INFORMATION MANAGEMENT | ||
| 942 | _n0 | ||
| 948 | _c04/03/1997 | ||
| 999 |
_c35448 _d35448 |
||